000
00297nam a22001337a 4500
008
181010b xxu||||| |||| 00| 0 eng d
020
_a
9780131752061
041
_a
eng
080
_2
4th
_a
510
100
_a
38
101
_a
MAT
245
_a
Thinking Mathematically
_c
Blitzer,R
942
_2
udc
_c
BK
999
_c
49295
_d
49295